<?xml version="1.0" encoding="UTF-8"?>
<collection xmlns="http://www.loc.gov/MARC21/slim">
 <record>
  <leader>01688nam a22002537a 4500</leader>
  <controlfield tag="001">NCT_27596</controlfield>
  <controlfield tag="008">180224b        xxu||||| |||| 00| 0 vie d</controlfield>
  <datafield tag="999" ind1=" " ind2=" ">
   <subfield code="c">1322</subfield>
   <subfield code="d">1322</subfield>
  </datafield>
  <datafield tag="020" ind1=" " ind2=" ">
   <subfield code="c">30000</subfield>
  </datafield>
  <datafield tag="082" ind1="0" ind2="4">
   <subfield code="2">23rd ed.</subfield>
   <subfield code="a">621.82</subfield>
   <subfield code="b">H307/T.2</subfield>
  </datafield>
  <datafield tag="100" ind1="1" ind2=" ">
   <subfield code="a">Nguyễn Trọng Hiệp</subfield>
  </datafield>
  <datafield tag="245" ind1="1" ind2="0">
   <subfield code="a">Chi tiết máy</subfield>
   <subfield code="n">Tập 2</subfield>
   <subfield code="c">Nguyễn Trọng Hiệp</subfield>
  </datafield>
  <datafield tag="250" ind1=" " ind2=" ">
   <subfield code="a">Tái bản lần thứ 11</subfield>
  </datafield>
  <datafield tag="260" ind1=" " ind2=" ">
   <subfield code="a">H.</subfield>
   <subfield code="b">Giáo dục</subfield>
   <subfield code="c">2011</subfield>
  </datafield>
  <datafield tag="300" ind1=" " ind2=" ">
   <subfield code="a">143 tr.</subfield>
   <subfield code="b">Hình vẽ</subfield>
   <subfield code="c">27cm</subfield>
  </datafield>
  <datafield tag="520" ind1=" " ind2=" ">
   <subfield code="a">Nội dung nói về  những vấn đề cơ bản về chi tiết máy như: truyền động xích, truyền động đai, động vít, đai ốc, các trục, ổ trục, khớp nối và lò xo</subfield>
  </datafield>
  <datafield tag="653" ind1=" " ind2=" ">
   <subfield code="a">Công nghệ kỹ thuật ô tô</subfield>
  </datafield>
  <datafield tag="942" ind1=" " ind2=" ">
   <subfield code="2">ddc</subfield>
   <subfield code="c">BK</subfield>
  </datafield>
  <datafield tag="952" ind1=" " ind2=" ">
   <subfield code="0">0</subfield>
   <subfield code="1">0</subfield>
   <subfield code="2">ddc</subfield>
   <subfield code="4">0</subfield>
   <subfield code="6">621_820000000000000_H307_T_2</subfield>
   <subfield code="7">0</subfield>
   <subfield code="9">6649</subfield>
   <subfield code="a">000001</subfield>
   <subfield code="b">000001</subfield>
   <subfield code="d">2018-02-24</subfield>
   <subfield code="o">621.82 H307/T.2</subfield>
   <subfield code="p">MD.09983</subfield>
   <subfield code="r">2018-02-24</subfield>
   <subfield code="v">30000.00</subfield>
   <subfield code="w">2018-02-24</subfield>
   <subfield code="y">BK</subfield>
  </datafield>
  <datafield tag="952" ind1=" " ind2=" ">
   <subfield code="0">0</subfield>
   <subfield code="1">0</subfield>
   <subfield code="2">ddc</subfield>
   <subfield code="4">0</subfield>
   <subfield code="6">621_820000000000000_H307_T_2</subfield>
   <subfield code="7">0</subfield>
   <subfield code="9">8437</subfield>
   <subfield code="a">000001</subfield>
   <subfield code="b">000001</subfield>
   <subfield code="d">2018-05-22</subfield>
   <subfield code="o">621.82 H307/T.2</subfield>
   <subfield code="p">MD.09984</subfield>
   <subfield code="r">2018-05-22</subfield>
   <subfield code="v">30000.00</subfield>
   <subfield code="w">2018-05-22</subfield>
   <subfield code="y">BK</subfield>
  </datafield>
  <datafield tag="952" ind1=" " ind2=" ">
   <subfield code="0">0</subfield>
   <subfield code="1">0</subfield>
   <subfield code="2">ddc</subfield>
   <subfield code="4">0</subfield>
   <subfield code="6">621_820000000000000_H307_T_2</subfield>
   <subfield code="7">0</subfield>
   <subfield code="9">8438</subfield>
   <subfield code="a">000001</subfield>
   <subfield code="b">000001</subfield>
   <subfield code="d">2018-05-22</subfield>
   <subfield code="o">621.82 H307/T.2</subfield>
   <subfield code="p">MD.09985</subfield>
   <subfield code="r">2018-05-22</subfield>
   <subfield code="v">30000.00</subfield>
   <subfield code="w">2018-05-22</subfield>
   <subfield code="y">BK</subfield>
  </datafield>
  <datafield tag="952" ind1=" " ind2=" ">
   <subfield code="0">0</subfield>
   <subfield code="1">0</subfield>
   <subfield code="2">ddc</subfield>
   <subfield code="4">0</subfield>
   <subfield code="6">621_820000000000000_H307_T_2</subfield>
   <subfield code="7">0</subfield>
   <subfield code="9">8439</subfield>
   <subfield code="a">000001</subfield>
   <subfield code="b">000001</subfield>
   <subfield code="d">2018-05-22</subfield>
   <subfield code="l">1</subfield>
   <subfield code="o">621.82 H307/T.2</subfield>
   <subfield code="p">MD.09986</subfield>
   <subfield code="r">2019-08-02</subfield>
   <subfield code="s">2019-06-18</subfield>
   <subfield code="v">30000.00</subfield>
   <subfield code="w">2018-05-22</subfield>
   <subfield code="y">BK</subfield>
  </datafield>
  <datafield tag="952" ind1=" " ind2=" ">
   <subfield code="0">0</subfield>
   <subfield code="1">0</subfield>
   <subfield code="2">ddc</subfield>
   <subfield code="4">0</subfield>
   <subfield code="6">621_820000000000000_H307_T_2</subfield>
   <subfield code="7">0</subfield>
   <subfield code="9">8440</subfield>
   <subfield code="a">000001</subfield>
   <subfield code="b">000001</subfield>
   <subfield code="d">2018-05-22</subfield>
   <subfield code="l">2</subfield>
   <subfield code="o">621.82 H307/T.2</subfield>
   <subfield code="p">MD.09987</subfield>
   <subfield code="r">2020-07-21</subfield>
   <subfield code="s">2020-07-18</subfield>
   <subfield code="v">30000.00</subfield>
   <subfield code="w">2018-05-22</subfield>
   <subfield code="y">BK</subfield>
  </datafield>
  <datafield tag="980" ind1=" " ind2=" ">
   <subfield code="a">Thư viện Trường Đại học Nam Cần Thơ</subfield>
  </datafield>
 </record>
</collection>
